000 00437nam a2200181Ia 4500
001 14070
005 20260306164847.0
008 260306t2012||||xx |||||||||||||| ||spa||
041 _aESP
082 _a006.31
_bB24
100 _aBarber, David
_eAUT
245 0 _aBayesian reasoning and machine learning
260 _c2012
300 _axxiv, 697 páginas :
_c25 cm.
650 _aGEN
654 _aCCC
942 _cLIB
_dJUS
_fJUS
_2ddc
_n
999 _c14070
_d14070